| 000 | 00716nam a2200217 a 4500 | ||
|---|---|---|---|
| 005 | 20210223130609.0 | ||
| 008 | 080821s1984 mx r 000 0 spa d | ||
| 035 | _aUPN01000159414 | ||
| 049 | _aUNE | ||
| 080 | _a371.7 (6) =20 KIN No.143. | ||
| 100 | 1 | _aKinunda, Michael J. | |
| 245 | 1 | 0 |
_aHealth education in schools : _bsome practical suggestions and guidelines / _cby Michael J. Kinunda. |
| 260 |
_aParÃs : _bUNESCO ; _aNew York : _bUNICEF, _c1984. |
||
| 300 | _a19, 15 p. | ||
| 440 | 0 |
_aNotes, comments... ; _v143 |
|
| 690 | _aEducacion sanitaria - Africa | ||
| 690 | _aServicios de higiene escolar - Africa | ||
| 710 | 2 |
_aUNICEF _924085 |
|
| 710 | 2 | _aPrograma de Alimentación Mundial | |
| 905 | _aUNESCO | ||
| 999 |
_c131528 _d131528 |
||